=LDR 00000nam 2200000 4500 =001 INLIS000000000810105 =005 20251016022026 =035 ##$$a 0010-1025000088 =008 251016###########################0#ind## =245 ##$$a Ramadhan Agar Tak Sekedar Puasa Lapar Dan Dahaga /$c Ustadz Muhammad Abduh Tuasikal, M.Sc. =260 ##$:$b AQWAM =082 ##$$a 297.382 =084 ##$$a 297.382 ABD r